000 00889cam a2200241 a 4500
001 000004545
005 20200929151446.0
008 820604s1969 ve 000 0 spa
040 _aDO-SdBNP
_cCarP
_dDLC
041 1 7 _aspa
_hger
_2Código de idioma MARC
082 _a327.86
_bA241i
100 1 _aAdorno, Theodor W.,
_d1903-1969.
_913279
240 1 0 _aEingriffe, neun kritische modelle.
_lEspañol
245 1 0 _aIntervenciones :
_bnuevos modelos de crítica /
_cTheodor W. Adorno; traducción, Roberto J. Vernengo.
260 _aCaracas :
_bMonte Ávila,
_c1969.
300 _a161 p. ;
_c20 cm.
490 1 _aPrisma
534 _aTítulo original:
_tEingriffe, neun kritische modelle.
650 4 _aHistoria social
_ySIGLO XX
_xDirecciones, ensayos y conferencias
_913280
700 1 _aVernengo, Roberto J.,
_etr.
_913281
830 0 _aPrisma
_93770
910 _aCatalogación por copia / LC
999 _c4353
_d4353